Fyzikové ve službách průmyslové revoluce /
Uložené v:
| Hlavný autor: | |
|---|---|
| Médium: | Kniha |
| Jazyk: | Czech |
| Vydané: |
Praha :
Academia,
2012.
|
| Vydanie: | Vyd. 1. |
| Edícia: | Galileo
sv. 52 |
| Témy: | |
| ISBN: |
9788020020871 (viaz.) |
| Fyzický popis: |
281 s. : il., mp., portréty ; 21 cm. |
| Tagy: |
Pridať tag
Žiadne tagy, Buďte prvý kto otaguje tento záznam!
|
Titul je dostupný aj v ... 

MARC
| LEADER | 00000nam a2200000 a 4500 | ||
|---|---|---|---|
| 001 | 000415413 | ||
| 005 | 20260413131741.0 | ||
| 008 | 120305s2012 xr abc e 001 0ccze d | ||
| FMT | |||
| 020 | |a 9788020020871 (viaz.) | ||
| 040 | |a SVKKK |b slo |c SVKKK |e AACR2 | ||
| 041 | 0 | |a cze | |
| 043 | |a e------ | ||
| 044 | |a xr |c CZ | ||
| 072 | 7 | |a 53 |x Fyzika |2 konspekt | |
| 072 | 7 | |a 929 |x Biografie |2 konspekt | |
| 080 | |a 929 |2 2001 | ||
| 080 | |a 53-051 |2 2001 | ||
| 080 | |a 330.341.424 |2 2001 | ||
| 080 | |a (4) |2 2001 | ||
| 080 | |a (0:82-94) |2 2001 | ||
| 100 | 1 | |a Kraus, Ivo, |d 1936- | |
| 245 | 1 | 0 | |a Fyzikové ve službách průmyslové revoluce / |c Ivo Kraus. |
| 250 | |a Vyd. 1. | ||
| 260 | |a Praha : |b Academia, |c 2012. | ||
| 300 | |a 281 s. : |b il., mp., portréty ; |c 21 cm. | ||
| 490 | 1 | |a Galileo |v sv. 52 | |
| 504 | |a Bibliografia: s. 277-278; register: s. 279-281 | ||
| 648 | 7 | |a 18.-19. stor. |2 SVKKKPH | |
| 650 | 0 | 7 | |a fyzici |2 SVKKKPH |
| 650 | 0 | 7 | |a priemyselná revolúcia |2 SVKKKPH |
| 651 | 7 | |a Európa |2 SVKKKPH | |
| 655 | 7 | |a medailóny |2 SVKKKPH | |
| 830 | 0 | |a Galileo |v sv. 52 | |
| 910 | |a svkkk | ||
| 919 | |a 978-80-200-2087-1 | ||
| 998 | |a BK | ||
| OWN | |||
| Z30 | 1 | |l SCK01 |l SCK01 |m BOOK |1 SCKHL |2 SK2 |b Sklad Hlavná 10 prízemie |3 III.225356 |6 1043197 |q 20130123 |5 2720269200 |8 20130123 |g EMPTYKNIHA |f 70 |s Absenčne |g 000083055 |h SCKHL |z 13.00 |t 20191031 |u 1426 |w 000415413 |x 000010 |r PC |r 003 | |
| a02 | 0 | |a 9788020020871 (viaz.) | |
| 090 | |g SCKHL |k Sklad Hlavná 10 prízemie |a III.225356 |j 1043197 |i 2720269200 |s Absenčne |r 003 | ||